Normal view
MARC view
- عساف، احمد محمد
Entry Personal Name
001 - CONTROL NUMBER
- control field: 40718
003 - CONTROL NUMBER IDENTIFIER
- control field: JO-AjAnu
005 - DATE AND TIME OF LATEST TRANSACTION
- control field: 20230606080748.0
008 - FIXED-LENGTH DATA ELEMENTS
- fixed length control field: 230606|| aca||aabn | a|a d
040 ## - CATALOGING SOURCE
- Original cataloging agency: JO-AjAnu
- Transcribing agency: JO-AjAnu
100 ## - HEADING--PERSONAL NAME
- Personal name: عساف، احمد محمد
670 ## - SOURCE DATA FOUND
- Source citation: Work cat.: (JO-AjAnu)20871: عساف، احمد محمد, author, خلاصة الأثر في سيرة سيد البشر:حياة الرسول محمد صلى الله عليه وسلم مستقاه من سيرة ابن هشام ومن اوثق المصادر واصحها ومكتوبة باسلوب عصري ومبسط